Consolidación de la democracia en Chile: papel del factor militar /

Gorde:
Xehetasun bibliografikoak
Egile nagusia: Cheyre E., Juan Emilio
Formatua: Texto
Etiketak: Etiketa erantsi
Etiketarik gabe, Izan zaitez lehena erregistro honi etiketa jartzen!

MARC

LEADER 00000 a a2200000 04500
001 13231
003
040
100 |a Cheyre E., Juan Emilio  
245 |a Consolidación de la democracia en Chile:   |b papel del factor militar /  |c Juan Emilio Cheyre E. 
773 |g número 20 Primavera; páginas 49-60  
999 |c 22118  |d 22118